| 000 | 01296nam a22003617a 4500 | ||
|---|---|---|---|
| 003 | CHAP | ||
| 005 | 20220329133550.0 | ||
| 008 | 971013s1993 r 00010 d | ||
| 010 | _a7959 | ||
| 011 | _a8931 | ||
| 035 | _a8165 | ||
| 040 | _cCHAP | ||
| 082 |
_a338.189657 _bR8 |
||
| 100 | 0 | 0 |
_aRussell, Nathan C. _eed _9100967 |
| 245 | _aPolicy options for agricultural development in sub-Saharan Africa | ||
| 260 |
_aMéxico, D.F. : _bCASIN, _c1993 |
||
| 300 |
_a193 p. _b: ilus |
||
| 590 |
_aBATCH-UPD _b10 _c20130110 _lUCH01 _h0038 |
||
| 590 |
_aBATCH-UPD _b10 _c20130110 _lUCH01 _h1143 |
||
| 590 |
_aBATCH-UPD _b10 _c20130410 _lUCH01 _h0802 |
||
| 590 |
_aBATCH-UPD _b10 _c20130914 _lUCH01 _h0909 |
||
| 590 |
_aCONVERSION _b10 _c20130109 _lUCH01 _h1305 |
||
| 650 | 1 | 4 |
_aAfrica _xCondiciones rurales. _91036 |
| 650 | 1 | 4 |
_aAgricultura _xAfrica _zAfrica. _9175391 |
| 650 | 1 | 4 |
_aAgricultura _xInnovaciones tecnológicas. _91565 |
| 650 | 1 | 4 |
_aPolítica agrícola _xAfrica. _990284 |
| 700 | 0 |
_aDowswell, Christopher R. _934134 |
|
| 710 | 0 |
_aCentre for Applied Studies in International Negotiations. _921033 |
|
| 901 | _aBK | ||
| 942 | _cLIBRO | ||
| 949 |
_a338.189657 R8 _bBC _cLIBRO _d33724000109351 _eLIBRO _fc.2 _h83429 _i8165 _si |
||
| 949 |
_a338.189657 R8 _bBC _cLIBRO _d33724000109369 _eLIBRO _h83428 _i8165 _mD _si |
||
| 999 |
_c7959 _d7959 |
||